[Event "11th EUR-ch"]
[Site "Rijeka CRO"]
[Date "2010.03.16"]
[Round "10"]
[White "Godena, Michele"]
[Black "Todorovic, Goran"]
[Result "0-1"]
[WhiteElo "2561"]
[BlackElo "2453"]
[EventDate "2010.03.06"]
[PlyCount "100"]

1.e4 e5 2.Nf3 Nc6 3.Bc4 Nf6 4.Ng5 d5 5.exd5 Na5 6.Bb5+ c6 7.dxc6 bxc6 8.
Bd3 Bd6 9.Nc3 O-O 10.O-O Rb8 11.a3 Bc7 12.h3 Nb3 13.Rb1 Nc5 14.Bc4 h6 15.
b4 hxg5 16.bxc5 Rxb1 17.Nxb1 g4 18.d3 gxh3 19.Bg5 hxg2 20.Kxg2 Qd7 21.Rh1 
Nd5 22.Qh5 Qg4+ 23.Qxg4 Bxg4 24.Nd2 Be6 25.Bb3 Ba5 26.Ne4 f5 27.Nd6 Bc3 
28.Ba4 Bd4 29.Nb7 Nf4+ 30.Bxf4 exf4 31.Bxc6 Rc8 32.Bf3 Bxc5 33.Nxc5 Rxc5 
34.c4 Ra5 35.Rc1 Rxa3 36.d4 Rd3 37.d5 Bf7 38.Rd1 Rxd1 39.Bxd1 Kf8 40.Bb3 
a5 41.Kf3 g5 42.c5 Be8 43.Bc2 Ke7 44.Ke2 Bd7 45.Kf1 a4 46.c6 a3 47.d6+ Kd8
48.c7+ Kc8 49.Bb3 Kb7 50.Bf7 Kc6 0-1

[Event "11th EUR-ch"]
[Site "Rijeka CRO"]
[Date "2010.03.16"]
[Round "10"]
[White "Nedilko, Vasyl"]
[Black "Damljanovic, Branko"]
[Result "1-0"]
[WhiteElo "2400"]
[BlackElo "2550"]
[EventDate "2010.03.06"]
[PlyCount "109"]

1.d4 Nf6 2.c4 g6 3.Nf3 Bg7 4.g3 O-O 5.Bg2 d6 6.Nc3 Nbd7 7.O-O e5 8.e4 exd4
9.Nxd4 Re8 10.h3 a6 11.Be3 Rb8 12.b3 Nf8 13.Qc2 Bd7 14.Rad1 Qc8 15.Kh2 Re5
16.Nd5 Qd8 17.f4 Nxd5 18.cxd5 Re8 19.f5 gxf5 20.Nxf5 Bxf5 21.Rxf5 Be5 22.
Rdf1 f6 23.h4 Ng6 24.Bh3 Rf8 25.Rh5 Kh8 26.Bf5 Rg8 27.Rxh7+ Kxh7 28.Qe2 
Rg7 29.h5 Qe8 30.Qg4 Kg8 31.hxg6 Qb5 32.Kg2 Re8 33.Qh5 Kf8 34.Bh6 Re7 35.
Bxg7+ Rxg7 36.Be6 Ke7 37.Bf5 Qd3 38.Rf3 Qe2+ 39.Kh3 Qd1 40.Kg4 Qc1 41.Qh8 
Qg5+ 42.Kh3 Rxg6 43.Bxg6 Qxg6 44.Qh4 c5 45.Rf5 b5 46.Rh5 Kd8 47.Rh6 Qg5 
48.Qxg5 fxg5 49.Kg4 c4 50.bxc4 bxc4 51.Rh1 Kc7 52.Rb1 c3 53.Rb4 a5 54.Rc4+
Kb6 55.a4 1-0

[Event "11th EUR-ch"]
[Site "Rijeka CRO"]
[Date "2010.03.16"]
[Round "10"]
[White "Jovanic, Ognjen"]
[Black "Loncar, Robert"]
[Result "1/2-1/2"]
[WhiteElo "2538"]
[BlackElo "2424"]
[EventDate "2010.03.06"]
[PlyCount "41"]

1.d4 d5 2.c4 c6 3.Nf3 Nf6 4.Nc3 dxc4 5.a4 Bf5 6.e3 e6 7.Bxc4 Bb4 8.O-O 
Nbd7 9.Qe2 O-O 10.Rd1 Ne4 11.Nxe4 Bxe4 12.Bd2 Bxf3 13.Qxf3 Bxd2 14.Rxd2 
Ne5 15.Qe2 Nxc4 16.Qxc4 Qe7 17.b4 a6 18.g3 Rfd8 19.Rad1 Rd6 20.Qc5 Rad8 
21.Kg2 1/2-1/2

[Event "11th EUR-ch"]
[Site "Rijeka CRO"]
[Date "2010.03.16"]
[Round "10"]
[White "Narciso Dublan, Marc"]
[Black "Martic, Zlatko"]
[Result "1-0"]
[WhiteElo "2530"]
[BlackElo "2404"]
[EventDate "2010.03.06"]
[PlyCount "80"]

1.c4 Nf6 2.g3 g6 3.Bg2 Bg7 4.Nc3 O-O 5.e4 d6 6.Nge2 c5 7.O-O Nc6 8.d3 Ne8 
9.Be3 Nc7 10.d4 cxd4 11.Nxd4 Ne6 12.Nde2 Nc5 13.Rb1 Ne5 14.b4 Ncd7 15.Qb3 
Nb6 16.c5 Nbc4 17.Bc1 Be6 18.Nd5 b5 19.cxb6 Nxb6 20.Bg5 Nxd5 21.exd5 Bf5 
22.Rbd1 h6 23.Bc1 Qd7 24.Nd4 Rac8 25.Bf4 Rc7 26.Bxe5 Bxe5 27.Nc6 Bf6 28.b5
e6 29.a4 Rb7 30.Qa3 e5 31.Rc1 Bg5 32.Rc4 Re8 33.Na5 Rc7 34.Rc6 e4 35.Nc4 
e3 36.fxe3 Be4 37.Qxd6 Qxd6 38.Nxd6 Bxe3+ 39.Kh1 Bxg2+ 40.Kxg2 Ree7 1-0

[Event "11th EUR-ch"]
[Site "Rijeka CRO"]
[Date "2010.03.16"]
[Round "10"]
[White "Gdanski, Jacek"]
[Black "Bajarani, Ulvi"]
[Result "1-0"]
[WhiteElo "2527"]
[BlackElo "2395"]
[EventDate "2010.03.06"]
[PlyCount "73"]

1.c4 c6 2.e4 d5 3.exd5 cxd5 4.cxd5 Nf6 5.Nc3 g6 6.Bc4 Bg7 7.Nge2 Nbd7 8.
Nf4 O-O 9.d4 Nb6 10.Bb3 Bg4 11.f3 Bf5 12.g4 Bd7 13.h4 Rc8 14.Qe2 Qc7 15.h5
Bh6 16.Qe5 g5 17.Nh3 Nc4 18.Bxc4 Qxc4 19.Bxg5 Bxg5 20.Qxg5+ Kh8 21.Rd1 Qc7
22.Qe5 b5 23.Nf4 b4 24.Nce2 h6 25.Qxe7 Qd8 26.Qxd8 Rfxd8 27.Kd2 Rb8 28.Rc1
Rb5 29.Rc7 Ra5 30.Rb7 Rxa2 31.Rxb4 Nh7 32.Rc1 Ng5 33.Ke3 Ra6 34.Rc7 Rf6 
35.Rbb7 Be8 36.Rxa7 Bb5 37.Nc3 1-0

[Event "11th EUR-ch"]
[Site "Rijeka CRO"]
[Date "2010.03.16"]
[Round "10"]
[White "Szabo, Gergely-Andras-Gyula"]
[Black "Sahitaj, Naim"]
[Result "1-0"]
[WhiteElo "2525"]
[BlackElo "1562"]
[EventDate "2010.03.06"]
[PlyCount "55"]

1.d4 Nf6 2.Nf3 d5 3.e3 e6 4.Bd3 c5 5.b3 cxd4 6.exd4 Nc6 7.O-O Bd6 8.Bb2 
Qc7 9.a3 O-O 10.Nbd2 e5 11.dxe5 Nxe5 12.Nxe5 Bxe5 13.Bxe5 Qxe5 14.Nf3 Qc3 
15.Qe1 Qc5 16.Qb4 b6 17.Rfe1 a5 18.Qf4 Bb7 19.Nd4 Rfe8 20.Nf5 Qc3 21.Kf1 
Ne4 22.Rad1 Qf6 23.Bxe4 dxe4 24.Rd6 Re6 25.Rd7 Ba6+ 26.c4 a4 27.Ra7 Qd8 
28.Nh6+ 1-0

[Event "11th EUR-ch"]
[Site "Rijeka CRO"]
[Date "2010.03.16"]
[Round "10"]
[White "Krasenkow, Michal"]
[Black "Smirnov, Artem"]
[Result "1-0"]
[WhiteElo "2652"]
[BlackElo "2435"]
[EventDate "2010.03.06"]
[PlyCount "75"]

1.Nf3 Nf6 2.c4 e6 3.Nc3 Bb4 4.g4 d5 5.g5 Ne4 6.h4 Nc6 7.a3 Bxc3 8.dxc3 
dxc4 9.Qxd8+ Kxd8 10.Bf4 Nd6 11.h5 b6 12.Ne5 Bb7 13.f3 f5 14.Nxc6+ Bxc6 
15.Be5 Rg8 16.h6 g6 17.Rh4 b5 18.Rd1 Kc8 19.Rhd4 Nf7 20.Bf6 Nd6 21.Bg2 Nb7
22.e4 Nc5 23.Kf1 Nb3 24.exf5 exf5 25.Rf4 Kb7 26.Kf2 Rge8 27.Bf1 Re6 28.Re1
Rxe1 29.Kxe1 Re8+ 30.Kf2 Bd5 31.Rh4 c5 32.Rh1 Kc6 33.Bh3 Be6 34.Rd1 Bc8 
35.f4 Be6 36.Bg2+ Kb6 37.Bd8+ Rxd8 38.Rxd8 1-0

[Event "11th EUR-ch"]
[Site "Rijeka CRO"]
[Date "2010.03.16"]
[Round "10"]
[White "Fridman, Daniel"]
[Black "Delorme, Axel"]
[Result "1/2-1/2"]
[WhiteElo "2650"]
[BlackElo "2429"]
[EventDate "2010.03.06"]
[PlyCount "137"]

1.c4 Nf6 2.Nf3 c6 3.Nc3 d5 4.e3 e6 5.d4 a6 6.c5 Nbd7 7.b4 g6 8.Bb2 Bg7 9.
Be2 O-O 10.O-O Re8 11.Na4 Qc7 12.Ne5 Nxe5 13.dxe5 Nd7 14.f4 Rb8 15.g4 f6 
16.exf6 Bxf6 17.Bxf6 Nxf6 18.g5 Ne4 19.Bd3 e5 20.Bxe4 dxe4 21.Qd6 Qxd6 22.
cxd6 Bg4 23.Nc5 Bf3 24.Nd7 exf4 25.exf4 Rbd8 26.Nf6+ Kf7 27.Nxe8 Kxe8 28.
Rae1 Kd7 29.Rxf3 exf3 30.Kf2 Rf8 31.Kxf3 Kxd6 32.h4 b6 33.Re3 c5 34.bxc5+ 
bxc5 35.Ra3 Ra8 36.Ke4 Re8+ 37.Kd3 Kd5 38.Rxa6 c4+ 39.Kc3 Re3+ 40.Kb4 c3 
41.Ra5+ Kd6 42.Ra6+ Kd5 43.Kb3 Rh3 44.Ra4 Rf3 45.Ra5+ Ke4 46.Ra7 Kd3 47.
Rd7+ Ke2 48.Rxh7 Kd1 49.Rd7+ Kc1 50.a3 c2+ 51.Ka2 Rxf4 52.h5 gxh5 53.g6 
Rg4 54.g7 h4 55.Rf7 h3 56.Rf1+ Kd2 57.Rf2+ Kd1 58.Rf1+ Kd2 59.Rf2+ Ke1 60.
Rxc2 Rxg7 61.Kb3 Rg4 62.a4 Kf1 63.Rh2 Rh4 64.a5 Kg1 65.Rxh3 Rxh3+ 66.Kb4 
Kf2 67.a6 Rh6 68.Kb5 Rxa6 69.Kxa6 1/2-1/2

[Event "11th EUR-ch"]
[Site "Rijeka CRO"]
[Date "2010.03.16"]
[Round "10"]
[White "Caspi, Israel"]
[Black "Bartel, Mateusz"]
[Result "1/2-1/2"]
[WhiteElo "2426"]
[BlackElo "2634"]
[EventDate "2010.03.06"]
[PlyCount "80"]

1.e4 e6 2.d4 d5 3.Nd2 Nf6 4.e5 Nfd7 5.c3 c5 6.Ngf3 Nc6 7.Bd3 g6 8.h4 h6 9.
Bc2 Bg7 10.Nf1 b6 11.Ne3 Ba6 12.a3 Qc7 13.Rb1 cxd4 14.cxd4 Ncxe5 15.dxe5 
Nxe5 16.Nxe5 Qxe5 17.Bd3 Bxd3 18.Qxd3 d4 19.f4 Qxf4 20.Nc4 Qc7 21.O-O Rc8 
22.b3 b5 23.Nd2 Qb6 24.Ne4 e5 25.Bd2 f5 26.Bb4 fxe4 27.Qxe4 Qc6 28.Qg4 h5 
29.Qh3 Bh6 30.Kh1 Rc7 31.Rbe1 Be3 32.Rxe3 dxe3 33.Qxe3 Qe6 34.Qg5 Rf7 35.
Rd1 Rd7 36.Rf1 Rf7 37.Rd1 Qf6 38.Qc1 Qxh4+ 39.Kg1 Qf2+ 40.Kh1 Qh4+ 1/2-1/2

[Event "11th EUR-ch"]
[Site "Rijeka CRO"]
[Date "2010.03.16"]
[Round "10"]
[White "Gutov, Andrey"]
[Black "Saric, Ivan"]
[Result "1/2-1/2"]
[WhiteElo "2437"]
[BlackElo "2607"]
[EventDate "2010.03.06"]
[PlyCount "116"]

1.d4 Nf6 2.c4 g6 3.Nc3 Bg7 4.e4 d6 5.Nf3 O-O 6.Be2 e5 7.O-O Nc6 8.d5 Ne7 
9.Ne1 Nd7 10.Nd3 f5 11.Bd2 Kh8 12.Rc1 Nf6 13.f3 c5 14.g4 a6 15.Nf2 h6 16.
h4 Nh7 17.Kg2 fxg4 18.fxg4 Ng8 19.Rh1 Bf6 20.g5 hxg5 21.h5 Qe8 22.hxg6 
Qxg6 23.Bh5 Qg7 24.Bg4 Ne7 25.Ne2 Ng6 26.Ng3 Nh4+ 27.Kg1 Be7 28.Rc3 Bxg4 
29.Nxg4 Qg6 30.Ne3 Nf3+ 31.Kg2 Nh4+ 32.Kg1 b5 33.Nef5 Bd8 34.Qg4 Rg8 35.
Rb3 Ra7 36.cxb5 c4 37.Ra3 Bb6+ 38.Be3 Bxe3+ 39.Nxe3 Rf7 40.Nef5 axb5 41.
Ra6 Nf6 42.Qe2 Ne8 43.Nxh4 gxh4 44.Rxh4+ Rh7 45.Rxh7+ Kxh7 46.Qh2+ Qh6 47.
Qxh6+ Kxh6 48.Kf2 Kg5 49.Kf3 Rf8+ 50.Nf5 Ng7 51.Rxd6 Nxf5 52.exf5 Kxf5 53.
Rb6 e4+ 54.Ke3 Ke5 55.Rxb5 Rf3+ 56.Ke2 Rh3 57.d6+ Kxd6 58.b4 cxb3 1/2-1/2

[Event "11th EUR-ch"]
[Site "Rijeka CRO"]
[Date "2010.03.16"]
[Round "10"]
[White "Boskovic, Drasko"]
[Black "Rakhmanov, Alexander"]
[Result "0-1"]
[WhiteElo "2434"]
[BlackElo "2584"]
[EventDate "2010.03.06"]
[PlyCount "72"]

1.d4 g6 2.e4 Bg7 3.Nc3 d6 4.f4 a6 5.a4 e6 6.Be3 Nd7 7.e5 Ne7 8.Ne4 d5 9.
Ng5 Nf5 10.Bf2 c5 11.c3 cxd4 12.cxd4 Nb6 13.b3 f6 14.N5f3 Bf8 15.Bd3 Bb4+ 
16.Kf1 fxe5 17.fxe5 Bd7 18.g4 Nh6 19.h3 Bc6 20.Bh4 Be7 21.Bxe7 Qxe7 22.Qd2
Nf7 23.Kg2 O-O-O 24.Ne2 Nc4 25.Qc1 Kb8 26.Bc2 Ncxe5 27.dxe5 d4 28.Ng1 Rhf8
29.Qe1 Ng5 30.Bd1 Rf4 31.h4 Rxg4+ 32.Kh2 Qf8 33.hxg5 Qf4+ 34.Kh3 h6 35.Nh4
Rxh4+ 36.Qxh4 Qf1+ 0-1

[Event "11th EUR-ch"]
[Site "Rijeka CRO"]
[Date "2010.03.16"]
[Round "10"]
[White "Bosiocic, Marin"]
[Black "Piscopo, Pierluigi"]
[Result "1-0"]
[WhiteElo "2577"]
[BlackElo "2418"]
[EventDate "2010.03.06"]
[PlyCount "142"]

1.d4 Nf6 2.Bg5 e6 3.e3 c5 4.Nd2 cxd4 5.exd4 Be7 6.Bxf6 Bxf6 7.Ngf3 d5 8.
Bd3 Nc6 9.c3 Bd7 10.Qe2 Rc8 11.h4 Qb6 12.Rb1 Qd8 13.Kf1 a6 14.Kg1 Ne7 15.
Qe3 O-O 16.Re1 Re8 17.Ne5 Nc6 18.f4 Bxe5 19.fxe5 f5 20.exf6 gxf6 21.Qh6 
Qe7 22.Rh3 Kh8 23.Rf3 Rf8 24.Nf1 Qg7 25.Qxg7+ Kxg7 26.Ng3 Kh6 27.Ref1 f5 
28.Ne2 Rg8 29.Re3 Rg4 30.Nf4 Re8 31.Be2 Rgg8 32.Bh5 Re7 33.Rfe1 Bc8 34.Bd1
Rge8 35.Rg3 Rd8 36.Bb3 Ree8 37.Rge3 e5 38.Bxd5 e4 39.Bb3 Ne7 40.Rf1 Ng6 
41.Ba4 Nxf4 42.Rxf4 Re7 43.Bb3 Rd6 44.Bd1 Rg6 45.Kf2 Reg7 46.g4 fxg4 47.
Kg3 Be6 48.a3 Bd5 49.Rxg4 Rf7 50.Rxg6+ hxg6 51.a4 g5 52.Be2 gxh4+ 53.Kxh4 
Rf4+ 54.Kg3 Kg5 55.c4 Be6 56.a5 Bd7 57.Kg2 Rh4 58.Kg3 Rh3+ 59.Kf2 Rh4 60.
Kg3 Rh3+ 61.Kf2 Rh4 62.Rb3 Kf4 63.Rxb7 Rh2+ 64.Ke1 Bf5 65.d5 Ke3 66.Rb3+ 
Kd4 67.Kd2 Bg4 68.Re3 Bxe2 69.Rxe2 e3+ 70.Kd1 Rh1+ 71.Kc2 Rf1 1-0

[Event "11th EUR-ch"]
[Site "Rijeka CRO"]
[Date "2010.03.16"]
[Round "10"]
[White "Malakhov, Igor"]
[Black "Drazic, Sinisa"]
[Result "1/2-1/2"]
[WhiteElo "2425"]
[BlackElo "2545"]
[EventDate "2010.03.06"]
[PlyCount "77"]

1.e4 c5 2.Nf3 h6 3.d4 cxd4 4.Nxd4 Nf6 5.Nc3 e5 6.Ndb5 d6 7.a4 Be6 8.f4 a6 
9.f5 Bc8 10.Na3 d5 11.exd5 Bxf5 12.Be2 Bc5 13.Nc4 Nbd7 14.Be3 Bxe3 15.Nxe3
Bg6 16.a5 O-O 17.O-O b5 18.Kh1 Rc8 19.Bd3 Bxd3 20.Qxd3 Nc5 21.Qf5 b4 22.
Ncd1 Re8 23.Nf2 Rc7 24.Rad1 b3 25.cxb3 Nxb3 26.Qd3 Nd4 27.Qxa6 Nxd5 28.
Nfg4 Nxe3 29.Nxe3 Qb8 30.Qd6 Ra7 31.Qa3 Qb3 32.Qc5 Rb7 33.Nc4 Rb5 34.Qc7 
Rb7 35.Qc5 Rb5 36.Qc7 Rb7 37.Qc5 Rb5 38.Qc7 Rb7 39.Qc5 1/2-1/2

[Event "11th EUR-ch"]
[Site "Rijeka CRO"]
[Date "2010.03.16"]
[Round "10"]
[White "Baron, Tal"]
[Black "San Segundo Carrillo, Pablo"]
[Result "1/2-1/2"]
[WhiteElo "2415"]
[BlackElo "2534"]
[EventDate "2010.03.06"]
[PlyCount "93"]

1.e4 c6 2.d4 d5 3.Nc3 dxe4 4.Nxe4 Bf5 5.Ng3 Bg6 6.h4 h6 7.Nf3 Nd7 8.h5 Bh7
9.Bd3 Bxd3 10.Qxd3 e6 11.Bf4 Ngf6 12.O-O-O Be7 13.Kb1 O-O 14.Ne4 Nxe4 15.
Qxe4 Nf6 16.Qe2 Qd5 17.Ne5 Qe4 18.Qxe4 Nxe4 19.Rhe1 Nf6 20.g4 Rfd8 21.Be3 
a5 22.c4 a4 23.f3 Nd7 24.Kc2 Bb4 25.Rg1 f6 26.Nd3 Bd6 27.f4 Rf8 28.Rg2 
Rac8 29.Kc3 Rf7 30.Re2 b5 31.Nc5 Nb6 32.b3 axb3 33.axb3 bxc4 34.bxc4 Ra7 
35.Rb1 Ra3+ 36.Rb3 Rca8 37.Bc1 Rxb3+ 38.Kxb3 Bxc5 39.dxc5 Nd7 40.Be3 Kf7 
41.Rd2 Ke7 42.Rd6 Ra6 43.g5 hxg5 44.fxg5 fxg5 45.Bxg5+ Nf6 46.Kb4 Kf7 47.
h6 1/2-1/2

[Event "11th EUR-ch"]
[Site "Rijeka CRO"]
[Date "2010.03.16"]
[Round "10"]
[White "Papin, Vasily"]
[Black "Mihok, Oliver"]
[Result "0-1"]
[WhiteElo "2532"]
[BlackElo "2403"]
[EventDate "2010.03.06"]
[PlyCount "88"]

1.d4 Nf6 2.c4 c5 3.d5 b5 4.cxb5 a6 5.b6 d6 6.Nc3 Nbd7 7.e4 Qxb6 8.Nf3 h6 
9.a4 g5 10.a5 Qb7 11.h3 Bg7 12.Bc4 Nh5 13.O-O Nf4 14.Ne2 Nxe2+ 15.Qxe2 Qc7
16.Ra2 Nf8 17.Ne1 Ng6 18.Nd3 Bd7 19.b3 Bb5 20.f4 Bxc4 21.bxc4 Bd4+ 22.Kh1 
Rb8 23.fxg5 hxg5 24.Bxg5 Rb3 25.Bf4 Nxf4 26.Rxf4 Qd7 27.Qf1 Qb7 28.Qe2 Qd7
29.Qf1 Qb7 30.Rc2 Be3 31.Rf3 Rb1 32.Ne1 Bd4 33.Qe2 Rh4 34.Rf1 Qb3 35.Nf3 
Rxf1+ 36.Qxf1 Rxh3+ 37.gxh3 Qxc2 38.Nxd4 cxd4 39.Qg2 d3 40.Qg8+ Kd7 41.Qb8
Qxc4 42.Qa7+ Kd8 43.Qb8+ Qc8 44.Qb2 Qxh3+ 0-1

[Event "11th EUR-ch"]
[Site "Rijeka CRO"]
[Date "2010.03.16"]
[Round "10"]
[White "Hamitevici, Vladimir"]
[Black "Ter-Sahakian, Samvel"]
[Result "1/2-1/2"]
[WhiteElo "2401"]
[BlackElo "2513"]
[EventDate "2010.03.06"]
[PlyCount "117"]

1.d4 d5 2.c4 e6 3.Nf3 Nf6 4.e3 c6 5.Bd3 dxc4 6.Bxc4 Nbd7 7.b3 Bd6 8.Bb2 
O-O 9.O-O Qc7 10.Nbd2 e5 11.Bd3 Re8 12.Qb1 exd4 13.exd4 Nf8 14.Nc4 Be6 15.
Nce5 Bd5 16.Qc2 a5 17.a3 Ng6 18.Rfe1 Re7 19.Nxg6 hxg6 20.Rxe7 Qxe7 21.Ne5 
Re8 22.Bc4 Bxc4 23.Qxc4 Nd5 24.g3 g5 25.Qd3 Qe6 26.Re1 Qh3 27.Nf3 Rxe1+ 
28.Nxe1 Qe6 29.Nc2 g4 30.Bc1 g6 31.Bd2 Bc7 32.Ne3 Nxe3 33.fxe3 f5 34.Qc4 
Kf7 35.Kf2 Bb6 36.Ke2 Ke7 37.Bb4+ Kd7 38.Qxe6+ Kxe6 39.Bc3 Kd5 40.Kd3 Bc7 
41.Bd2 b6 42.Bc1 Bd6 43.Bb2 Be7 44.Bc1 Bf8 45.Bb2 Bd6 46.Bc1 g5 47.a4 Be7 
48.Bb2 Bf6 49.Bc1 b5 50.Bd2 b4 51.Bc1 Be7 52.Bd2 c5 53.dxc5 Bxc5 54.Be1 
Bd6 55.Bd2 Be5 56.Be1 Bf6 57.Bd2 Bb2 58.Kc2 Be5 59.Kd3 1/2-1/2

[Event "11th EUR-ch"]
[Site "Rijeka CRO"]
[Date "2010.03.16"]
[Round "10"]
[White "Firat, Burak"]
[Black "Martinovic, Sasa"]
[Result "0-1"]
[WhiteElo "2398"]
[BlackElo "2509"]
[EventDate "2010.03.06"]
[PlyCount "86"]

1.e4 e6 2.d4 d5 3.Nc3 Bb4 4.e5 Ne7 5.a3 Bxc3+ 6.bxc3 c5 7.h4 Qc7 8.Nf3 b6 
9.h5 h6 10.a4 Ba6 11.Bb5+ Bxb5 12.axb5 cxd4 13.cxd4 Qc3+ 14.Bd2 Qc4 15.Qb1
Nd7 16.Qb3 a5 17.Ra4 Qc7 18.O-O Rc8 19.Ra2 O-O 20.Bc1 f6 21.Ba3 Rf7 22.
exf6 gxf6 23.Qe3 Nf8 24.Qxh6 Nf5 25.Qd2 Rh7 26.g4 Rg7 27.Nh2 Qc4 28.Bxf8 
Kxf8 29.Ra3 Nxd4 30.Re3 Kf7 31.c3 Nxb5 32.Rh3 Nxc3 33.h6 Rh7 34.Kh1 Ne4 
35.Qb2 Rch8 36.Qxb6 Rxh6 37.Rxh6 Rxh6 38.Rb1 Nxf2+ 39.Kg2 Qe4+ 40.Nf3 Nxg4
41.Qc7+ Kg6 42.Re1 Ne3+ 43.Kg3 Rh3+ 0-1

[Event "11th EUR-ch"]
[Site "Rijeka CRO"]
[Date "2010.03.16"]
[Round "10"]
[White "Sale, Srdjan"]
[Black "Erdogdu, Mert"]
[Result "1-0"]
[WhiteElo "2396"]
[BlackElo "2502"]
[EventDate "2010.03.06"]
[PlyCount "91"]

1.d4 Nf6 2.c4 g6 3.Nc3 Bg7 4.e4 d6 5.f4 O-O 6.Nf3 Na6 7.Bd3 e5 8.fxe5 dxe5
9.d5 Ne8 10.Be3 c5 11.O-O Nd6 12.a3 f5 13.b4 b6 14.Qa4 Qe7 15.Rab1 f4 16.
Bf2 g5 17.Nb5 Rd8 18.Rfe1 Bf6 19.Nxd6 Rxd6 20.Nd2 Rd8 21.Be2 Qc7 22.Kh1 
Be7 23.g3 fxg3 24.Bxg3 Bd6 25.Rf1 Qd7 26.b5 Nc7 27.Qb3 Qg7 28.Bh5 Qh6 29.
Bf7+ Kh8 30.Qc3 Qg7 31.Bh5 Rd7 32.Bg4 Re7 33.Bxc8 Rxc8 34.Rf5 h6 35.Rbf1 
Rg8 36.Nf3 Rge8 37.h4 g4 38.Ne1 Kh7 39.Nd3 a6 40.a4 axb5 41.cxb5 Qg8 42.
Rf6 Rd7 43.h5 Rf8 44.Rxf8 Bxf8 45.Qxe5 Nxd5 46.Qe6 1-0

[Event "11th EUR-ch"]
[Site "Rijeka CRO"]
[Date "2010.03.16"]
[Round "10"]
[White "Stern, Rene"]
[Black "Manea, Alexandru"]
[Result "1/2-1/2"]
[WhiteElo "2501"]
[BlackElo "2392"]
[EventDate "2010.03.06"]
[PlyCount "41"]

1.d4 d5 2.c4 c6 3.cxd5 cxd5 4.Nc3 Nc6 5.Bf4 f6 6.e4 e5 7.dxe5 d4 8.Nd5 
fxe5 9.Bd2 Nf6 10.Nxf6+ Qxf6 11.Qh5+ g6 12.Qf3 Qe6 13.Rc1 Qf7 14.Qxf7+ 
Kxf7 15.Nf3 Bd6 16.Bc4+ Kg7 17.h3 Bd7 18.Ke2 Rac8 19.Ne1 Nb4 20.Nd3 Nxd3 
21.Bxd3 1/2-1/2

[Event "11th EUR-ch"]
[Site "Rijeka CRO"]
[Date "2010.03.16"]
[Round "10"]
[White "Plat, Vojtech"]
[Black "Sulashvili, Malkhaz"]
[Result "1/2-1/2"]
[WhiteElo "2395"]
[BlackElo "2490"]
[EventDate "2010.03.06"]
[PlyCount "53"]

1.e4 c6 2.d4 d5 3.Nc3 dxe4 4.Nxe4 Bf5 5.Ng3 Bg6 6.h4 h6 7.Nf3 Nd7 8.h5 Bh7
9.Bd3 Bxd3 10.Qxd3 e6 11.Bf4 Qa5+ 12.Bd2 Bb4 13.Ne4 Ngf6 14.Nd6+ Ke7 15.
Nc4 Bxd2+ 16.Nfxd2 Qa6 17.a4 c5 18.dxc5 Nxc5 19.Qa3 Qc6 20.Na5 Qd6 21.Ndc4
Qd4 22.O-O Rhc8 23.Rad1 Qh4 24.Nd6 Rc7 25.Nb5 Rcc8 26.Nd6 Rc7 27.Nb5 
1/2-1/2

[Event "11th EUR-ch"]
[Site "Rijeka CRO"]
[Date "2010.03.16"]
[Round "10"]
[White "Zaslavsky, Mikhail"]
[Black "Mrva, Martin"]
[Result "1/2-1/2"]
[WhiteElo "2391"]
[BlackElo "2485"]
[EventDate "2010.03.06"]
[PlyCount "104"]

1.e4 c5 2.Nf3 e6 3.d4 cxd4 4.Nxd4 Nc6 5.Nc3 d6 6.Be3 Nf6 7.Bc4 Be7 8.Qe2 
O-O 9.O-O-O Bd7 10.f4 Na5 11.Bb3 Nxb3+ 12.Nxb3 Qc7 13.Bf2 Rfc8 14.e5 dxe5 
15.fxe5 Nd5 16.Nxd5 exd5 17.Nd4 Qa5 18.Kb1 Rc4 19.Nb3 Qc7 20.Rxd5 Bf5 21.
Nd4 Bg6 22.h4 Rc8 23.Rc1 h5 24.e6 Bf6 25.Rd7 Qf4 26.e7 Kh7 27.e8=Q Rxe8 
28.Qxc4 Qxf2 29.Nf3 Qxg2 30.Ng5+ Bxg5 31.hxg5 Re6 32.Qd5 Be4 33.Qd2 Kg6 
34.Qf4 Qf3 35.Qc7 Qf5 36.Rd6 Kxg5 37.Rg1+ Kh6 38.Rd8 g6 39.Rh8+ Kg7 40.Qd8
Qe5 41.Qf8+ Kf6 42.Qd8+ Re7 43.Re8 h4 44.Rf1+ Bf5 45.Rxe7 Qxe7 46.Qd4+ Qe5
47.Qxh4+ Kg7 48.Rh1 Qe8 49.Qh6+ Kf6 50.Qh4+ Kg7 51.Qh6+ Kf6 52.Qh4+ Kg7 
1/2-1/2

[Event "11th EUR-ch"]
[Site "Rijeka CRO"]
[Date "2010.03.16"]
[Round "10"]
[White "Nabaty, Tamir"]
[Black "Kozlitin, Roman"]
[Result "0-1"]
[WhiteElo "2485"]
[BlackElo "2344"]
[EventDate "2010.03.06"]
[PlyCount "66"]

1.e4 e5 2.Nf3 Nc6 3.d4 exd4 4.Nxd4 Nf6 5.Nxc6 bxc6 6.e5 Nd5 7.c4 Nb6 8.Nc3
d5 9.cxd5 cxd5 10.Bb5+ Bd7 11.e6 Bxb5 12.Nxb5 Bb4+ 13.Bd2 Bxd2+ 14.Qxd2 
O-O 15.exf7+ Rxf7 16.O-O Nc4 17.Qc3 Qb8 18.b3 Qxb5 19.bxc4 Qxc4 20.Qxc4 
dxc4 21.Rac1 Rf4 22.Rfd1 Rb8 23.g3 Re4 24.Rd7 Rb2 25.Rxc7 Rxa2 26.Rd1 h6 
27.Rdd7 Rg4 28.Kg2 Ra6 29.h4 h5 30.Rd8+ Kh7 31.Rd5 Kh6 32.Rcc5 Rf6 33.
Rxh5+ Kg6 0-1

[Event "11th EUR-ch"]
[Site "Rijeka CRO"]
[Date "2010.03.16"]
[Round "10"]
[White "Miron, Lucian-Costin"]
[Black "Pavlidis, Anastasios"]
[Result "1-0"]
[WhiteElo "2482"]
[BlackElo "2338"]
[EventDate "2010.03.06"]
[PlyCount "119"]

1.d4 Nf6 2.c4 g6 3.Nc3 Bg7 4.Nf3 O-O 5.g3 d6 6.Bg2 Nbd7 7.O-O e5 8.h3 c6 
9.e4 Qb6 10.c5 dxc5 11.dxe5 Ne8 12.e6 fxe6 13.h4 Ne5 14.Nxe5 Bxe5 15.h5 
Qc7 16.hxg6 hxg6 17.Be3 b6 18.f4 Bxc3 19.bxc3 e5 20.Qb3+ Kh7 21.fxe5 Rxf1+
22.Rxf1 Ng7 23.Rf7 Qxe5 24.Bf4 Qe8 25.Rc7 Be6 26.Qb2 c4 27.Bf3 Rd8 28.Qh2+
Kg8 29.Rxg7+ Kxg7 30.Be5+ Kf8 31.Bf6 Kf7 32.e5 Bf5 33.g4 Bb1 34.Qh7+ Ke6 
35.Qc7 Rc8 36.Qd6+ Kf7 37.Qd2 Rc7 38.Qf4 Ke6 39.Qxc4+ Kd7 40.Qb3 Bf5 41.
gxf5 gxf5 42.Kf2 Kc8 43.e6 Qf8 44.e7 Rxe7 45.Bxe7 Qxe7 46.Qc4 c5 47.Qd5 
Qh4+ 48.Ke2 Qh2+ 49.Kd3 Qb2 50.Qxf5+ Kc7 51.Qe5+ Kd7 52.Bg4+ Kc6 53.Qe6+ 
Kb5 54.Qb3+ Qxb3 55.axb3 Kc6 56.Bf3+ Kd6 57.Kc4 a6 58.Bb7 b5+ 59.Kd3 a5 
60.Ba6 1-0

[Event "11th EUR-ch"]
[Site "Rijeka CRO"]
[Date "2010.03.16"]
[Round "10"]
[White "Kreisl, Robert"]
[Black "Arkell, Keith"]
[Result "1/2-1/2"]
[WhiteElo "2389"]
[BlackElo "2474"]
[EventDate "2010.03.06"]
[PlyCount "166"]

1.e4 c6 2.d4 d5 3.e5 c5 4.Nf3 Nc6 5.c4 e6 6.cxd5 exd5 7.Bb5 a6 8.Bxc6+ 
bxc6 9.dxc5 Bxc5 10.h3 Ne7 11.O-O O-O 12.Nc3 Ng6 13.Re1 Re8 14.Na4 Ba7 15.
Qc2 Qc7 16.Be3 Bd7 17.Bxa7 Rxa7 18.Nc5 Bc8 19.Qc3 Qb8 20.Nd4 Rc7 21.Nd3 
Qb6 22.Rac1 a5 23.Qc5 Qxc5 24.Rxc5 Ba6 25.Nc1 Rxe5 26.Rxe5 Nxe5 27.Rxa5 
Bb7 28.Ncb3 Bc8 29.Ra8 Kf8 30.Na5 g5 31.Naxc6 Nxc6 32.Nb5 Rb7 33.Rxc8+ Ke7
34.Rxc6 Rxb5 35.b3 d4 36.Rc4 Rd5 37.Kf1 d3 38.Ke1 Re5+ 39.Kd2 Re2+ 40.Kxd3
Rxa2 41.Rc2 Ra1 42.Kc4 Kd6 43.Kb5 Ra8 44.Rc6+ Ke5 45.Rc5+ Kf6 46.Rc6+ Ke7 
47.Rc7+ Ke6 48.Rc6+ Ke7 49.Rc3 f5 50.Rc2 Kd6 51.Rd2+ Ke5 52.b4 Rb8+ 53.Kc4
Rc8+ 54.Kb3 Rb8 55.Rc2 h5 56.Rc5+ Ke4 57.b5 g4 58.hxg4 hxg4 59.f3+ Kf4 60.
fxg4 fxg4 61.Rc4+ Kg3 62.Kb4 Rg8 63.Rc2 Kh2 64.b6 g3 65.Ka5 Ra8+ 66.Kb5 
Rf8 67.b7 Rf2 68.Rc4 Rf8 69.Rc8 Rf2 70.Rc4 Rf8 71.Rc8 Rf2 72.Kc4 Rb2 73.
b8=Q Rxb8 74.Rxb8 Kxg2 75.Kd3 Kf2 76.Rf8+ Ke1 77.Re8+ Kf2 78.Rf8+ Ke1 79.
Ke3 g2 80.Rg8 Kf1 81.Rf8+ Ke1 82.Rg8 Kf1 83.Rxg2 Kxg2 1/2-1/2

[Event "11th EUR-ch"]
[Site "Rijeka CRO"]
[Date "2010.03.16"]
[Round "10"]
[White "Morchiashvili, Bachana"]
[Black "Shytaj, Luca"]
[Result "1-0"]
[WhiteElo "2345"]
[BlackElo "2472"]
[EventDate "2010.03.06"]
[PlyCount "77"]

1.d4 Nf6 2.c4 e6 3.Nf3 b6 4.Nc3 Bb4 5.Bg5 Bb7 6.Nd2 h6 7.Bh4 a5 8.Qc2 d5 
9.cxd5 exd5 10.e3 O-O 11.Nf3 Nbd7 12.Bd3 Be7 13.O-O Re8 14.Rad1 c6 15.Bg3 
Ba6 16.Bxa6 Rxa6 17.Ne5 b5 18.f3 Nxe5 19.dxe5 Nd7 20.Kh1 Bh4 21.Bxh4 Qxh4 
22.f4 Nf8 23.e4 b4 24.Ne2 dxe4 25.Qxe4 c5 26.Ng3 Rg6 27.Qf3 Qg4 28.Qxg4 
Rxg4 29.Ne4 Rxe5 30.fxe5 Rxe4 31.Rfe1 Rf4 32.Rd8 Rf2 33.b3 g5 34.Kg1 Rxa2 
35.e6 fxe6 36.Rf1 a4 37.Rdxf8+ Kg7 38.R8f7+ Kg6 39.g4 1-0

[Event "11th EUR-ch"]
[Site "Rijeka CRO"]
[Date "2010.03.16"]
[Round "10"]
[White "Raznikov, Danny"]
[Black "Yilmaz, Mustafa"]
[Result "0-1"]
[WhiteElo "2331"]
[BlackElo "2468"]
[EventDate "2010.03.06"]
[PlyCount "74"]

1.Nf3 Nf6 2.c4 c6 3.Nc3 d5 4.e3 g6 5.d4 Bg7 6.Be2 O-O 7.O-O a6 8.a4 a5 9.
Qb3 Na6 10.cxd5 cxd5 11.Bd2 Nb4 12.Rfc1 Ne4 13.Be1 Be6 14.Nb5 Nc6 15.Qa3 
Qb6 16.b4 axb4 17.Bxb4 Nxb4 18.Qxb4 Rfc8 19.Rxc8+ Rxc8 20.a5 Qd8 21.Na7 
Rc7 22.Nb5 Rc8 23.h3 Ra8 24.Ne5 Bf8 25.Bf3 Nf6 26.Nc3 Bc8 27.Nb5 Nd7 28.
Nd3 e5 29.Nc5 e4 30.Bg4 b6 31.Qb3 bxc5 32.Qxd5 Ra6 33.dxc5 h5 34.Be2 Rxa5 
35.Rxa5 Qxa5 36.Bc4 Qa1+ 37.Bf1 Nxc5 0-1

[Event "11th EUR-ch"]
[Site "Rijeka CRO"]
[Date "2010.03.16"]
[Round "10"]
[White "Bohnisch, Manfred"]
[Black "Doric, Darko"]
[Result "1/2-1/2"]
[WhiteElo "2316"]
[BlackElo "2464"]
[EventDate "2010.03.06"]
[PlyCount "72"]

1.e4 c5 2.Nf3 e6 3.c3 Nf6 4.e5 Nd5 5.Bc4 d6 6.d4 cxd4 7.Bxd5 exd5 8.Qxd4 
Nc6 9.Qxd5 dxe5 10.Qxd8+ Kxd8 11.Be3 f6 12.Nbd2 Be6 13.Nb3 b6 14.Nfd2 Kc7 
15.f4 e4 16.Nd4 Nxd4 17.Bxd4 Bd6 18.Nxe4 Bxf4 19.O-O Bh6 20.Ng3 Rhe8 21.
Nf5 Bxf5 22.Rxf5 Re2 23.Rf2 Rae8 24.Kf1 R2e4 25.Rd1 Kc6 26.g3 a6 27.Rf5 
R8e6 28.a4 Bg5 29.b4 Be3 30.b5+ axb5 31.axb5+ Kc7 32.Rd5 Bxd4 33.cxd4 Rd6 
34.Rc1+ Kd7 35.Rxd6+ Kxd6 36.Rc6+ Ke7 1/2-1/2